| 000 | 00936ntm a2200265 a 4500 | ||
|---|---|---|---|
| 001 | 75910 | ||
| 003 | BD-RjUL | ||
| 005 | 20211209082748.0 | ||
| 008 | 190912s2015 bg a|||| bm|| 00| 0 eng d | ||
| 035 | _a(BD-RjUL)76129 | ||
| 040 |
_aBD-RjUL _beng _cBD-RjUL _dBD-RjUL |
||
| 041 | _aeng | ||
| 082 |
_a514.322 _223 _bAHS 2015 |
||
| 100 | 1 |
_aAhmed, Estiaq _9232880 |
|
| 245 | 1 | 0 |
_aSeparation Axioms in Intuitionistic Fuzzy Topological Spaces / _cSubmitted by Estiaq Ahmed ; _6Supervisor: Md. Sahadat Hossain |
| 260 |
_aRajshahi : _bDepartment of Mathematics, University of Rajshahi, _c2015 |
||
| 300 |
_aix, 125 leaves ; _c29 cm. |
||
| 502 | _aThesis (Ph. D.) -- Department of Mathematics, University of Rajshahi, 2015 | ||
| 504 | _aReferences: Leaves 109-125 | ||
| 600 |
_d _9232885 |
||
| 650 |
_aFuzzy Sets _9232882 |
||
| 650 |
_aFuzzy topology _9232883 |
||
| 700 |
_aHossain, Md. Sahadat, Supervisor _9232884 |
||
| 942 |
_2ddc _cTHE |
||
| 999 |
_c75910 _d75910 |
||